UBT Library

Wild southlands / (Record no. 40991)

000 -LEADER
fixed length control field 00663cam a2200241 a 4500
001 - CONTROL NUMBER
control field 3887462
005 - DATE AND TIME OF LATEST TRANSACTION
control field 20180126073102.0
008 - FIXED-LENGTH DATA ELEMENTS--GENERAL INFORMATION
fixed length control field 900228s1990 vaua b 000 0 eng
010 ## - LIBRARY OF CONGRESS CONTROL NUMBER
LC control number 90010850
020 ## - INTERNATIONAL STANDARD BOOK NUMBER
International Standard Book Number 0934738580
040 ## - CATALOGING SOURCE
Original cataloging agency DLC
Transcribing agency DLC
Modifying agency DLC
041 ## - LANGUAGE CODE
Language code of text/sound track or separate title eng
043 ## - GEOGRAPHIC AREA CODE
Geographic area code n-usu--
080 ## - UNIVERSAL DECIMAL CLASSIFICATION NUMBER
Universal Decimal Classification number 508.75 LIT
082 00 - DEWEY DECIMAL CLASSIFICATION NUMBER
Classification number 508.75 LIT
Edition number 20
100 1# - Rafti
Rafti 42
101 ## - Shkurtesa
Shkurtesa GJEO
245 10 - TITLE STATEMENT
Title Wild southlands /
Statement of responsibility, etc photography by Bates Littlehales ; introduction by Michael Godfrey.
504 ## - BIBLIOGRAPHY, ETC. NOTE
Bibliography, etc Includes bibliographical references (p. 152).
906 ## - LOCAL DATA ELEMENT F, LDF (RLIN)
a 7
b cbc
c orignew
d 1
e ocip
f 19
g y-gencatlg
942 ## - ADDED ENTRY ELEMENTS (KOHA)
Source of classification or shelving scheme
Item type Books
Holdings
Withdrawn status Lost status Source of classification or shelving scheme Damaged status Not for loan Collection code Permanent location Current location Shelving location Date acquired Total Checkouts Full call number Barcode Date last seen Price effective from Koha item type
          Koleksioni i përgjithshem UBT - Lipjan UBT - Lipjan Koleksioni i përgjithshem 01/26/2018   508.75 LIT 002-2996599 01/26/2018 01/26/2018 Books
UBT Library © 2015-2024. All rights reserved University Education for Business and Technology